বঙ্গ-ভারতীর ঝাঁপি / (Record no. 63487)
[ view plain ]
| 000 -LEADER | |
|---|---|
| fixed length control field | 00845nam a2200229 a 4500 |
| 001 - CONTROL NUMBER | |
| control field | 63487 |
| 003 - CONTROL NUMBER IDENTIFIER | |
| rucl marc code | BD-RjUL |
| 005 - DATE AND TIME OF LATEST TRANSACTION | |
| control field | 20211209081213.0 |
| 008 - FIXED-LENGTH DATA ELEMENTS--GENERAL INFORMATION | |
| fixed length control field | 170130s1986 ii ||||| |||| 00| e ben d |
| 020 ## - INTERNATIONAL STANDARD BOOK NUMBER | |
| Terms of availability | : Tk. 25.00 |
| 035 ## - SYSTEM CONTROL NUMBER | |
| System control number | (BD-RjUL)63616 |
| 040 ## - CATALOGING SOURCE | |
| Original cataloging agency | BD-RjUL |
| Language of cataloging | ben |
| Transcribing agency | BD-RjUL |
| 041 ## - LANGUAGE CODE | |
| Language code of text/sound track or separate title | ben |
| 082 ## - DEWEY DECIMAL CLASSIFICATION NUMBER | |
| Edition number | 23 |
| Classification number | 891.44408 |
| Author mark and year | ROB 1986 |
| 100 ## - MAIN ENTRY--PERSONAL NAME | |
| Personal name | রায়, জীবেন্দ্র সিংহ |
| 9 (RLIN) | 188819 |
| 245 10 - TITLE STATEMENT | |
| Title | বঙ্গ-ভারতীর ঝাঁপি / |
| Statement of responsibility, etc. | জীবেন্দ্র সিংহ রায় |
| 260 ## - PUBLICATION, DISTRIBUTION, ETC. (IMPRINT) | |
| Place of publication, distribution, etc. | কলিকাতা : |
| Name of publisher, distributor, etc. | সাহিত্যলোক, |
| Date of publication, distribution, etc. | ১৯৮৬ |
| 300 ## - PHYSICAL DESCRIPTION | |
| Pagination | [৬], ১৬৫ পৃ. ; |
| Size | ২৩ সেমি. |
| 650 ## - SUBJECT ADDED ENTRY--TOPICAL TERM | |
| Topical term or geographic name as entry element | বাংলা সাহিত্য |
| General subdivision | সংগ্রহ |
| 9 (RLIN) | 170370 |
| Topical term or geographic name as entry element | Bengali Essays |
| General subdivision | Collection |
| 9 (RLIN) | 188744 |
| 942 ## - ADDED ENTRY ELEMENTS (KOHA) | |
| Source of classification or shelving scheme | Dewey Decimal Classification |
| Koha item type | Books |
| Lost status | Source of classification or shelving scheme | Damaged status | Not for loan | Collection code | Permanent Location | Current Location | Shelving location | Date acquired | Source of acquisition | Cost, normal purchase price | Total Checkouts | Full call number | Date last seen | Copy number | Koha item type |
|---|---|---|---|---|---|---|---|---|---|---|---|---|---|---|---|
| Dewey Decimal Classification | Not For Loan | Non-fiction | Central Library, University of Rajshahi | Central Library, University of Rajshahi | Reading Room | 28/12/1996 | Ankur Prokasoni, Dhaka | 25.00 | B 891.44408 ROB 1986 | 30/01/2017 | C-1 | Books |